Normal view MARC view

Entry Topical Term

Number of records used in: 1

001 - CONTROL NUMBER

  • control field: 1208

003 - CONTROL NUMBER IDENTIFIER

  • control field: OSt

005 - DATE AND TIME OF LATEST TRANSACTION

  • control field: 20230414153435.0

008 - FIXED-LENGTH DATA ELEMENTS

  • fixed length control field: 230414|| aca||aabn | a|a d

040 ## - CATALOGING SOURCE

  • Original cataloging agency: OSt
  • Transcribing agency: OSt

150 ## - HEADING--TOPICAL TERM

  • Topical term or geographic name entry element: Pharmaceutical arithmetic
  • Form subdivision: Problems, exercises, etc.
  • Form subdivision: Software

670 ## - SOURCE DATA FOUND

  • Source citation: Work cat.: (OSt)0: Brown, Meta 1206, Drug calculations: process and problems for clinical practice. /, 2008.

If you have any concerns or questions; kindly contact the library


© Powered by WIUC ICT DIRECTORATE